One Piece- Les Fruits du Démon de type Logia connus - Statistiques

Statistiques générales
  • Ce quiz a été pris 85 fois
  • Le résultat moyen est 7 sur 13
Statistiques - réponses
Fruits du Démon de type Logia % Correct
Fruit du Magma
90%
Pyro-Fruit
90%
Fruit du Flocon
65%
Fruit des Sables
63%
Fruit Fumigène
60%
Fruit Luminescent
58%
Fulguro-Fruit
55%
Fruit du Gaz
53%
Givro-Fruit
52%
Fruit des Ténèbres
45%
Fruit du Marais
45%
Fruit de la Suie
32%
Sylvo-Fruit
29%
Aucun quiz correspondant
Distribution des résultats
% des personnes avec chaque résultat
Percentile par nombre de réponses
Votre historique - résultats
Vous n’avez pas pris ce quiz